Les artistes de la chanson française - Statistiques

Statistiques générales
  • Ce quiz a été pris 1 317 fois
  • Le résultat moyen est 17 sur 30
Statistiques - réponses
Musiques Chanteurs % Correct
Bella Maître Gims
89%
Alexandrie Alexandra Claude François
88%
Mistral gagnant Renaud
88%
Tous les cris les S.O.S. Daniel Balavoine
87%
La vie en rose Édith Piaf
87%
Place des grands hommes Patrick Bruel
81%
Ella, elle l'a France Gall
80%
Elle a les yeux revolver Marc Lavoine
80%
Encore un soir Céline Dion
77%
Désenchantée Mylène Farmer
77%
Je t'aimais, je t'aime et je t'aimerai Francis Cabrel
75%
Beau Papa Vianney
75%
Je te promets Johnny Hallyday
74%
Savoir aimer Florent Pagny
72%
Un jour au mauvais endroit Calogero
69%
Lucie Pascal Obispo
69%
Un autre monde Téléphone
57%
Dernière danse Kyo
56%
Ma préférence Julien Clerc
53%
Le dernier jour du disco Juliette Armanet
48%
Nos célébrations Indochine
40%
Respire encore Clara Luciani
38%
Aimer à mort Louane
35%
Le lac Julien Doré
33%
Et même après je t'aimerai Hoshi
26%
Roméo kiffe Juliette Grand corps malade
25%
Évidemment Kendji Girac
22%
Parle-moi Isabelle Boulay
21%
Si on disait M. Pokora
20%
Les contes de fées Les Frangines
3%
Aucun quiz correspondant
Distribution des résultats
% des personnes avec chaque résultat
Percentile par nombre de réponses
Votre historique - résultats
Vous n’avez pas pris ce quiz